| 000 | 00591nam a2200145 i 4500 | ||
|---|---|---|---|
| 001 | 114463 | ||
| 003 | ES-MaACL | ||
| 007 | t| | ||
| 008 | 030717s1877 po ||||1| por d | ||
| 100 | 1 |
_aCosta Alvarenga, Pedro Francisco da. _941084 |
|
| 245 | 1 | 3 |
_aDa propylamina, trimethylamina e seus saes sob o ponto de vista pharmacologico e therapeutico _b: memoria apresentada รก Academia Real das Sciencias de Lisboa / _cPedro Francisco Costa Alvarenga. |
| 260 |
_aLisboa : _b[s.n.], _c1877 ( _fTyp. Academia Real das Sciencias) |
||
| 300 |
_a104, [4] p. ; _c29 cm. |
||
| 852 |
_aES-MaACL _jT-235-F-4 |
||
| 999 |
_c114463 _d114463 |
||